№ 9; Национальные стандарты

Bibliographic Details
Parent link:Национальные стандарты: Информационный указатель/ Федеральное агентство по техническому регулированию и метрологии. № 9.— , 2004-
Language:Russian
Published: 2016
Format: Book
KOHA link:https://koha.lib.tpu.ru/cgi-bin/koha/opac-detail.pl?biblionumber=567007

MARC

LEADER 00000nam2a2200000 4500
001 567007
005 20231101124233.0
035 |a (RuTPU)RU\TPU\prd\263831 
090 |a 567007 
100 |a 20161013a19409999k y0rusy50 ca 
101 0 |a rus 
102 |a RU 
200 0 |a № 9 
210 |d 2016 
461 1 |0 (RuTPU)RU\TPU\prd\23792  |t Национальные стандарты  |o Информационный указатель  |f Федеральное агентство по техническому регулированию и метрологии  |v № 9  |d 2004- 
801 0 |a RU  |b 63413507  |c 20010227  |g PSBO 
801 1 |a RU  |b 63413507  |c 20161013 
801 2 |a RU  |b 63413507  |c 20191202  |g RCR 
942 |c BK 
999 |a НТБ_ТПУ  |b ЧЗКДП  |e -1/20160111  |s 1/20160622  |u 0,00  |v 1